000 00614nam a2200229Ia 4500
005 20260320202001.0
008 008 262003s9999 xx 000 0 eng d
037 _aEBOOK
040 _aCRL
040 _beng
040 _cCRL
041 _2eng
041 _aeng
084 _qCRL
100 _aIodice
_91136482
245 0 _aTinyML Cookbook: Combine artificial intelligence and ultra-low-power embedded devices to make the world smarter
260 _bIEEE
856 _uhttps://ieeexplore.ieee.org/servlet/opac?bknumber=10162591
942 _cEBOOK
999 _c1724654
_d1724654